On This Day: August 26th Quiz Stats

 Plays Quiz Updated Aug 26, 2017

     
Support Sporcle.
Go Orange.
Score 0/7 Timer 03:00
0 Plays Today
Question Answer Wrong Answers
The Boeing 787 ______, Boeing's all-new composite airliner, receives certification from the EASA and the FAA.
2011
Dreamliner
86.5%
Wonderland
2.4%
Daydream
3.1%
Imagination
3.4%
This Albanian-Indian woman, a Nobel Prize laureate, is born.
1910
Mother Teresa
78.2%
Indira Gandhi
14%
Sœur Emmanuelle
1.4%
Shirin Ebadi
3.4%
The eruption of this volcanic island, located in what is now Indonesia, begins. Significant effects were felt around the world in the days and weeks after the eruption.
1883
Krakatoa
77.7%
Mount Pinatubo
8.6%
Mauna Loa
7.5%
Popocatépetl
3.8%
The Declaration of the Rights of ______ and of the Citizen is approved by the National Constituent Assembly of France.
1789
Man
65.1%
France
7%
Nobles
11.8%
Humanity
16.1%
In response to the Invasion of Dagestan by the Islamic International Peacekeeping Brigade, Russia begins the Second ______ War.
1999
Chechen
53.8%
Afghan
25%
Georgian
10.4%
Ukraine
6.3%
John Fitch is granted a United States patent for this steam-powered transportation machine.
1791
Steamboat
45.7%
Steam Locomotive
42.1%
Steam Carriage
6.3%
Steam Buggy
4.3%
Under the administration of Félix Éboué, France's first black colonial governor, this African nation becomes the first French colony to join the Allies.
1940
Chad
34.2%
São Tomé
7.9%
South Africa
6.1%
Sierra Leone
48.1%

From the Vault

Presidential Powers

by Thebiguglyalien

History 5m
With great power comes great responsibility. At least it works that way for Spider-Man.
Remove Ads.
Support Sporcle.
Get the best of Sporcle when you Go Orange. This ad-free experience offers more features, more stats, and more fun while also helping to support Sporcle. Thank you for becoming a member.

Show Comments

Extras

Top Quizzes Today


Score Distribution

Your Account Isn't Verified!

In order to create a playlist on Sporcle, you need to verify the email address you used during registration. Go to your Sporcle Settings to finish the process.

Report this User

Report this user for behavior that violates our Community Guidelines.

Details: